Normal view MARC view
  • Psychotherapy .

Entry Topical Term

Number of records used in: 1

001 - CONTROL NUMBER

  • control field: 5501

003 - CONTROL NUMBER IDENTIFIER

  • control field: OSt

005 - DATE AND TIME OF LATEST TRANSACTION

  • control field: 20170517122414.0

008 - FIXED-LENGTH DATA ELEMENTS

  • fixed length control field: 170517|| aca||aabn | a|a d

040 ## - CATALOGING SOURCE

  • Original cataloging agency: OSt
  • Transcribing agency: OSt

150 ## - HEADING--TOPICAL TERM

  • Topical term or geographic name entry element: Psychotherapy .
  • General subdivision: Practice.

670 ## - SOURCE DATA FOUND

  • Source citation: Work cat.: (OSt): Nelson-Jones, Richard. 5498, Theory and practice in counselling and therapy / , 2006.
Pusat Sumber Maklumat Dato' Haji Sarmin Md Hussin, Akademi Kastam Diraja Malaysia, Melaka
Tel: 06-2331106 | Faks: 06-2313787